[Event "Albert/Berlin m"]
[Site "Albert/Berlin"]
[Date "1998.06.14"]
[Round "6"]
[White "Bacrot, Etienne"]
[Black "Huebner, Robert"]
[Result "1/2-1/2"]
[WhiteElo "2565"]
[BlackElo "2560"]

1.d4 Nf6 2.c4 e6 3.Nf3 b6 4.a3 Bb7 5.Nc3 d5 6.Bg5 Be7 7.Qa4+ c6 8.cxd5 Nxd5
9.Bxe7 Qxe7 10.Nxd5 exd5 11.e3 O-O 12.Be2 c5 13.O-O Rc8 14.Rfc1 a5 15.Bb5 Nc6
16.dxc5 bxc5 17.Qh4 a4 18.Rc2 Ra5 19.Be2 Qxh4 20.Nxh4 g6 21.Rd1 Ne7 22.Nf3 Ba6
23.Bxa6 Rxa6 24.Nd2 Rb6 25.Kf1 Kg7 26.Nb1 d4 27.exd4 cxd4 28.Rxc8 Nxc8 29.Rxd4  1/2-1/2

[Event "Agency"]
[Site "London"]
[Date "1998.06.17"]
[Round "3"]
[White "Gormally, Daniel"]
[Black "Burnett, Ronald"]
[Result "1/2-1/2"]
[WhiteElo "2415"]
[BlackElo "2400"]

1.d4 e6 2.Nf3 Nf6 3.c4 b6 4.a3 Bb7 5.Nc3 d5 6.cxd5 exd5 7.Bg5 Be7 8.Bxf6 Bxf6
9.g3 O-O 10.Bg2 c5 11.O-O Na6 12.e3 Nc7 13.Qb3 Ne6 14.Rad1 Rc8 15.Rd2 Re8
16.Rfd1 h5 17.h4 cxd4 18.Nxd4 Bxd4 19.exd4 Rc4 20.Ne2 g5 21.hxg5 Qxg5 22.Rd3 Bc6
23.Nc3 Kf8 24.Qc2 Bb7 25.Qd2 Qxd2 26.R3xd2 Rd8 27.Bf3 Ng7 28.Ne2 Rd6 29.Kg2 h4
30.gxh4 Rg6+ 31.Ng3 Ne6 32.h5 Rg8 33.Kh2 Nf4 34.Re1 Bc8 35.Ne2 Nxe2 36.Rexe2 Bg4
37.Re3 Bxf3 38.Rxf3 Rg5 39.Rh3 Kg7 40.Rg3 Kh6 41.Rxg5 Kxg5 42.Kg3 f6 43.h6 Kxh6
44.Kf4  1/2-1/2

[Event "RUS-Cup06"]
[Site "Nizhnij Novgorod"]
[Date "1998.06.30"]
[Round "2"]
[White "Rustemov, Alexander"]
[Black "Zagrebelny, Sergey"]
[Result "1-0"]
[WhiteElo "2575"]
[BlackElo "2485"]

1.d4 Nf6 2.c4 e6 3.Nf3 b6 4.a3 d5 5.Nc3 Be7 6.cxd5 exd5 7.Qa4+ c6 8.Bf4 O-O
9.e3 Bb7 10.Bd3 Nbd7 11.O-O c5 12.Bf5 a6 13.Rad1 c4 14.Ne5 b5 15.Qc2 g6 16.Bh3 Re8
17.Bh6 Nb6 18.f4 Ne4 19.f5 g5 20.Nxe4 dxe4 21.f6 Bxf6 22.Qf2 Nd5 23.Nd7 Nf4
24.exf4 e3 25.Qe2 Be4 26.Ne5  1-0

[Event "SVK-ch"]
[Site "Prievidza"]
[Date "1998.06.30"]
[Round "4.10"]
[White "Hanko, Pavel"]
[Black "Pcola, Pavel"]
[Result "0-1"]
[WhiteElo "2200"]
[BlackElo "2420"]

1.d4 Nf6 2.Nf3 b6 3.c4 e6 4.a3 Bb7 5.Nc3 Be7 6.d5 exd5 7.cxd5 O-O 8.e4 d6
9.Be2 Nbd7 10.O-O Nc5 11.Qc2 a5 12.b3 Re8 13.Bb5 Nfd7 14.Be3 Ba6 15.b4 Nxe4
16.Qxe4 Bf6 17.Qd3 Bxb5 18.Nxb5 Bxa1 19.Rxa1 axb4 20.Rc1 bxa3 21.Nxc7 Qxc7
22.Rxc7 a2 23.Bd4 a1=Q+ 24.Bxa1 Rxa1+ 25.Qf1 Rxf1+ 26.Kxf1 Nf6 27.Rc6 Rd8
28.Rxb6 Nxd5 29.Rb7 Nf4 30.g3 Ne6 31.Rb4 Kf8 32.Nd4 Nc5 33.Ke2 g6 34.h4 Rd7
35.Ke3 Re7+ 36.Kf3 Kg7 37.Ne2 Nd3 38.Re4 Ne5+ 39.Kg2 d5 40.Ra4  0-1

[Event "Politiken Cup"]
[Site "Copenhagen"]
[Date "1998.07.05"]
[Round "2"]
[White "Schmitz, Manuela"]
[Black "Sammalvuo, Tapani"]
[Result "0-1"]
[WhiteElo "2010"]
[BlackElo "2395"]

1.d4 Nf6 2.c4 e6 3.Nf3 b6 4.a3 Ba6 5.Qa4 Bb7 6.Nc3 c5 7.dxc5 Bxc5 8.e3 O-O
9.Be2 Be7 10.O-O d6 11.Qc2 Nbd7 12.e4 a6 13.Bg5 Rc8 14.Rad1 Qc7 15.Qb1 Nc5
16.Nd2 Rfd8 17.Rfe1 Qb8 18.f3 Re8 19.Nf1 Bd8 20.Bf4 Bc7 21.Ng3 h6 22.Qc1 Ncd7
23.Qd2 Ne5 24.Be3 Bc6 25.Bf1 Rcd8 26.Qc2 Qb7 27.Bf2 Rc8 28.Qd2 Red8 29.Qe3 b5
30.cxb5 axb5 31.Qa7 Qxa7 32.Bxa7 Nc4 33.Bxc4 bxc4 34.Re2 Ra8 35.Bd4 Nd7 36.Nf1 Rdc8
37.Be3 Ne5 38.Nd2 d5 39.exd5 exd5 40.Bd4 Nd3 41.Nf1 Nf4 42.Red2 Re8 43.Ne3 Ba5
44.Kf1 Bxc3 45.bxc3 Rxa3 46.Nc2 Ra5 47.Nb4 Bb7 48.Bf2 Ra3 49.Rc1 Rd8 50.Be3 Ne6
51.Kf2 Rd7 52.Ra2 Rb3 53.Na6 Rb5 54.f4 Rd6 55.Rca1 d4 56.cxd4 Nxd4 57.Rd1 Rxa6
58.Rxa6 Rb2+ 59.Kf1 Bxg2+  0-1

[Event "Politiken Cup"]
[Site "Copenhagen"]
[Date "1998.07.05"]
[Round "2"]
[White "Holm Petersen, Sejer"]
[Black "Koskela, Niina"]
[Result "1-0"]
[WhiteElo "2355"]
[BlackElo "2190"]

1.d4 Nf6 2.c4 e6 3.Nf3 b6 4.a3 Bb7 5.Nc3 Be7 6.d5 O-O 7.e4 d6 8.Bd3 c6 9.O-O Ne8
10.Qe2 Bf6 11.dxe6 fxe6 12.e5 dxe5 13.Rd1 Qe7 14.Nxe5 Bxe5 15.Qxe5 Nd7 16.Qg3 Nef6
17.Bg5 Qf7 18.Be3 Rfe8 19.Be2 e5 20.Rd2 Re7 21.Rad1 Rae8 22.Bg5 Nc5 23.Qh4 Rf8
24.Rd6 Ne6 25.Bh5 g6 26.Bxf6 Qxf6 27.Qxf6 Rxf6 28.Bf3 Rf8 29.Bxc6 Bxc6 30.Rxc6 Nd4
31.Rd6 Rc7 32.f4 Rxc4 33.fxe5 Nf5 34.Rd8 Ne3 35.Rxf8+ Kxf8 36.Rd3 Ng4 37.Rd7 Nxe5
38.Rxh7 Nf7 39.Rh3 Rd4 40.Rf3 Kg7 41.Re3 Rd2 42.Re2 Rd7 43.Kf2 Nh6 44.h3 Nf5
45.g4 Nd4 46.Rd2 Rf7+ 47.Kg3 Nb3 48.Rd8 Na5 49.Rc8 Nb3 50.Rd8 Na5 51.Rd4 Nb3
52.Rd5 Na5 53.Kh4 Nc4 54.Nd1 Kf6 55.Rd4 g5+ 56.Kg3 Rc7 57.Rd5 Ne5 58.Nc3 Rc4
59.Rd8 Kf7 60.Ra8 Nd3 61.Rxa7+ Ke6 62.Rb7 Nxb2 63.Rxb6+ Ke5 64.Rb5+ Ke6 65.Ne2 Nd1
66.Rxg5 Re4 67.Nf4+ Kf6 68.Rf5+ Kg7 69.Nd5 Ra4 70.Rf3 Nb2 71.Nb6 Rd4 72.Rb3 Nd3
73.a4  1-0

[Event "NOR-ch"]
[Site "Oslo"]
[Date "1998.07.05"]
[Round "2"]
[White "Gausel, Einar"]
[Black "Egeli, Per Ove"]
[Result "1/2-1/2"]
[WhiteElo "2555"]
[BlackElo "2330"]

1.d4 Nf6 2.Nf3 e6 3.c4 b6 4.a3 Ba6 5.Qa4 Bb7 6.Nc3 c5 7.dxc5 bxc5 8.Bg5 Be7
9.e3 O-O 10.Be2 d6 11.O-O Nbd7 12.Rfd1 Qb6 13.Qc2 Rab8 14.Rab1 Bc6 15.Nd2 Rfd8
16.Bf4 Qb7 17.Bf3 Ne5 18.Bxe5 dxe5 19.Bxc6 Qxc6 20.Nf3 Nd7 21.Rd2 f6 22.Rbd1 Nb6
23.Rxd8+ Bxd8 24.b3 a6 25.h4 Be7 26.h5 Rf8 27.a4 Rb8 28.e4 Nc8 29.Ne2 Na7  1/2-1/2

[Event "Saitek US Masters"]
[Site "Hawaii"]
[Date "1998.07.25"]
[Round "5"]
[White "Boissonnier, Kimo"]
[Black "Shtern, Igor"]
[Result "0-1"]
[WhiteElo "2025"]
[BlackElo "2265"]

1.d4 Nf6 2.Nf3 e6 3.c4 b6 4.a3 c5 5.Nc3 cxd4 6.Nxd4 Bb7 7.Bg5 Be7 8.e3 O-O
9.Bd3 Nc6 10.O-O Nxd4 11.exd4 d5 12.b3 h6 13.Bh4 Rc8 14.Bg3 Qd7 15.Be5 Qc6
16.f3 Nd7 17.Nb5 Nxe5 18.Nxa7 Qc7 19.Nxc8 Bf6 20.Ne7+ Kh8 21.dxe5 Bxe5 22.Ra2 Bxh2+
23.Kh1 Bf4 24.Nxd5 exd5 25.cxd5 Qe5 26.g4 Bxd5 27.Bc4 Bc6 28.Qd3 Qg5 29.Qf5 Qxf5
30.gxf5 Bd7 31.Bd3 Re8 32.Kg2 Re5 33.Re2 Rxe2+ 34.Bxe2 Bxf5 35.Rd1 g5 36.Bd3 Bc8
37.Be4 Kg7 38.Rd8 Bf5 39.Rd5 Kf6 40.Rd8 h5 41.Rf8 Bg6 42.Kf2 Bd6 43.Ra8 g4
44.fxg4 hxg4 45.b4 Ke5 46.Ke3 f5 47.Bd3 f4+ 48.Ke2 Bf7 49.Bb5 Bd5 50.Re8+ Kd4
51.Rd8 f3+ 52.Kf1 Ke5 53.Re8+ Kf6 54.Rd8 Ke7 55.Re8+ Kf7 56.Rd8 Ke6 57.Be8 g3
58.Bb5 Be5 59.a4 g2+  0-1

[Event "Eikrem mem"]
[Site "Gausdal"]
[Date "1998.08.03"]
[Round "3"]
[White "Bae, Torstein"]
[Black "Akesson, Ralf"]
[Result "1/2-1/2"]
[WhiteElo "2175"]
[BlackElo "2510"]

1.d4 Nf6 2.c4 e6 3.Nf3 b6 4.a3 Bb7 5.Nc3 d5 6.Bg5 Be7 7.Bxf6 Bxf6 8.cxd5 exd5
9.Qa4+ Nd7 10.g3 a6 11.Qb3 Nf8 12.Bg2 Ne6 13.O-O O-O 14.Rad1 Qd6 15.Rfe1 Rfd8
16.e3 Rab8 17.h4 c5 18.Rd2 c4 19.Qc2 b5 20.Qf5 Nc7 21.Ng5 g6 22.Qf3 a5 23.e4 Bxg5
24.hxg5 dxe4 25.Nxe4 Bxe4 26.Rxe4 b4 27.axb4 axb4 28.d5 c3 29.bxc3 b3 30.Re1 Qc5
31.Rb1 Rd6 32.Rdb2 Rxd5 33.Rxb3 Rf8 34.Rb8 Rf5 35.Qe2 Rxg5 36.Qd3 Ne6 37.c4 Rf5
38.R8b2 Qe5 39.Qe2 Qf6 40.Rd2 Re5 41.Qf1 Ra5 42.Qd3 h5 43.Bd5 Nc5  1/2-1/2

[Event "MK Cafe Cup-A"]
[Site "Koszalin"]
[Date "1998.08.04"]
[Round "2"]
[White "Neverov, Valeriy"]
[Black "Hracek, Zbynek"]
[Result "0-1"]
[WhiteElo "2515"]
[BlackElo "2615"]

1.d4 Nf6 2.c4 e6 3.Nf3 b6 4.a3 Bb7 5.Nc3 g6 6.Qc2 Bg7 7.e4 d6 8.Bd3 Nbd7
9.O-O O-O 10.Re1 c5 11.d5 Ng4 12.Bg5 Bf6 13.Bf4 Nde5 14.Nxe5 Nxe5 15.Bf1 g5
16.Bd2 Ng6 17.Re3 Be5 18.Rae1 f5 19.dxe6 f4 20.Rd3 Bc8 21.Nb5 Bxe6 22.Bc3 Qe7
23.Red1 Bxc4 24.Rxd6 Bxb5 25.Qb3+ Kh8 26.Bxb5 Rad8 27.Rd7 Qf6 28.h4 gxh4
29.R1d5 f3 30.Rxe5 Nxe5 31.Qd5 Rde8 32.gxf3 Nxf3+ 33.Kf1 Nd4 34.Bxd4 cxd4
35.Qxd4 Rxe4 36.Qxf6+ Rxf6 37.Rxa7 Ref4  0-1

[Event "RUS-ch51"]
[Site "St Petersburg"]
[Date "1998.08.05"]
[Round "9"]
[White "Rustemov, Alexander"]
[Black "Loginov, Valery A"]
[Result "0-1"]
[WhiteElo "2570"]
[BlackElo "2520"]

1.d4 Nf6 2.c4 e6 3.Nf3 b6 4.a3 Ba6 5.Qc2 c5 6.d5 exd5 7.cxd5 g6 8.Nc3 Bg7
9.g3 O-O 10.Bg2 d6 11.O-O b5 12.Re1 Nbd7 13.e4 Qb6 14.h3 Rac8 15.Be3 Qb7
16.Bf4 b4 17.Na4 Bb5 18.Bxd6 Rfe8 19.axb4 cxb4 20.Qb1 a5 21.Nd4 Bxa4 22.Rxa4 Nxd5
23.Rd1 Qb6 24.Nf3 Qxd6 25.Rxd5 Qc6 26.Raxa5 Nf6 27.Rdc5 Qxc5 28.Rxc5 Rxc5
29.Ne1 Rc4 30.f3 Rec8 31.Nd3 b3 32.Bf1 Rc2 33.Qe1 Nd7 34.e5 Nc5 35.Nxc5 R2xc5
36.f4 Rc2 37.Qe4 Bf8 38.Ba6 Rd8 39.Qf3 Bc5+ 40.Kh1 Rdd2  0-1

[Event "MK Cafe Cup-A"]
[Site "Koszalin"]
[Date "1998.08.06"]
[Round "4"]
[White "Khenkin, Igor"]
[Black "Hracek, Zbynek"]
[Result "1-0"]
[WhiteElo "2600"]
[BlackElo "2615"]

1.d4 Nf6 2.c4 e6 3.Nf3 b6 4.a3 c5 5.d5 Ba6 6.Qc2 exd5 7.cxd5 g6 8.Nc3 Bg7
9.g3 O-O 10.Bg2 d6 11.O-O Nbd7 12.Bf4 Qe7 13.Rfe1 Rfe8 14.Qa4 Bb7 15.Nb5 Ne4
16.Nc7 Bxb2 17.Nxe8 Qxe8 18.Rab1 Bg7 19.Qc4 Nc3 20.Rbc1 b5 21.Qd3 c4 22.Qe3 Qxe3
23.fxe3 Nc5 24.Nd4 N5a4 25.Bxd6 Bxd4 26.exd4 f5 27.Bb4 Nxd5 28.Ba5 Rc8 29.e4 fxe4
30.Rxe4 Nb2 31.Rce1 Nf6 32.Re6 Bxg2 33.Kxg2 Nd3 34.Rxf6 Nxe1+ 35.Bxe1 c3
36.Rf1 a5 37.Kf3 b4 38.axb4 axb4 39.Ke4 b3 40.Kd3 c2 41.Bc3  1-0

[Event "RUS-ch51"]
[Site "St Petersburg"]
[Date "1998.08.06"]
[Round "10"]
[White "Razuvaev, Yuri S"]
[Black "Evseev, Denis"]
[Result "1/2-1/2"]
[WhiteElo "2560"]
[BlackElo "2470"]

1.d4 Nf6 2.c4 e6 3.Nf3 b6 4.a3 Bb7 5.Nc3 g6 6.d5 Bg7 7.Bg5 h6 8.Bh4 O-O 9.e3 Qe7
10.Be2 d6 11.O-O g5 12.Bg3 Nh5 13.Nd4 Nxg3 14.hxg3 c5  1/2-1/2

[Event "North Bay op"]
[Site "North Bay"]
[Date "1998.08.07"]
[Round "6"]
[White "Fedorowicz, John P"]
[Black "Burnett, Ronald"]
[Result "1-0"]
[WhiteElo "2540"]
[BlackElo "2395"]

1.d4 Nf6 2.c4 e6 3.Nf3 b6 4.a3 Bb7 5.Nc3 d5 6.Bg5 Be7 7.Bxf6 Bxf6 8.cxd5 exd5
9.g3 O-O 10.Bg2 Na6 11.O-O c5 12.e3 Re8 13.Qd2 cxd4 14.exd4 Nc7 15.Rfe1 Qd6
16.h4 Bc6 17.Qd3 g6 18.Bh3 Kg7 19.Rac1 Rxe1+ 20.Rxe1 Re8 21.Rxe8 Bxe8 22.Qe3 Bd7
23.Bg2 Ne6 24.Bf1 h6 25.Bd3 Bc6 26.Ne2 Ba4 27.Ne5 Bxe5 28.dxe5 Qc5 29.Qf3 Bc2
30.Bxc2 Qxc2 31.Nc3 Qb3 32.Qf6+ Kg8 33.h5 gxh5 34.Qxh6 b5 35.Qxh5 a5 36.Kg2 b4
37.axb4 axb4 38.Nb5 Ng7 39.Qe2 Qc4 40.Qxc4 dxc4 41.Kf3 Ne6 42.Ke3 Nc5 43.Nd6 c3
44.bxc3 bxc3 45.f4 Kg7 46.Nf5+ Kg6 47.Nd4 c2 48.Nxc2  1-0

[Event "ESP-ch"]
[Site "Linares"]
[Date "1998.08.15"]
[Round "4"]
[White "Franco Ocampo, Zenon"]
[Black "Merino Garcia, Rafael"]
[Result "1/2-1/2"]
[WhiteElo "2485"]
[BlackElo "2275"]

1.Nf3 Nf6 2.c4 e6 3.d4 b6 4.a3 Bb7 5.Nc3 d5 6.cxd5 Nxd5 7.Qc2 Nd7 8.e4 Nxc3
9.bxc3 Be7 10.Bd3 c5 11.O-O O-O 12.Bb2 Rc8 13.Qe2 Qc7 14.Rad1 c4 15.Bc2 e5
16.Bc1 a6 17.Ng5 Rfe8 18.f4 exd4 19.cxd4 Bxg5 20.fxg5 Nf8 21.h4 Qe7 22.Qf2 b5
23.d5 Nd7 24.e5 g6 25.Bf4 Qc5 26.Bg3 Qe7 27.Bf4 Nc5 28.Be3  1/2-1/2

[Event "Dresden op"]
[Site "Dresden"]
[Date "1998.08.21"]
[Round "6"]
[White "Moise, Adrian"]
[Black "Bischoff, Klaus"]
[Result "0-1"]
[WhiteElo "2240"]
[BlackElo "2550"]

1.d4 Nf6 2.Nf3 e6 3.c4 b6 4.a3 Ba6 5.Qc2 Bb7 6.Bg5 h6 7.Bxf6 Qxf6 8.e4 d6
9.Nbd2 Nd7 10.Be2 g6 11.O-O Bg7 12.Rac1 c5 13.dxc5 dxc5 14.b4 O-O 15.Rfd1 Rfd8
16.Nb1 Qf4 17.Bd3 Rac8 18.Qe2 g5 19.h3 h5 20.g3 Qf6 21.Bc2 h4 22.Nbd2 hxg3
23.fxg3 Qh6 24.Kg2 Bf6 25.Nf1 Qg7 26.Ne3 Be7 27.b5 Nf6 28.Ng4 Nxg4 29.hxg4 Bf6
30.Rh1 Bb2 31.Rb1 Kf8 32.Rh5 Ke7 33.Rxg5 Qc3 34.Kh3 Rh8+ 35.Rh5 Rcg8 36.Rh4 Qg7
37.g5 f6 38.e5 fxg5 39.Qd2 Bxe5 40.Rxh8 g4+  0-1

[Event "Karl Wagner mem 5th"]
[Site "Graz"]
[Date "1998.09.07"]
[Round "3.9"]
[White "Stanec, Nikolaus"]
[Black "Bawart, Markus"]
[Result "1-0"]
[WhiteElo "2495"]
[BlackElo "2345"]

1.d4 Nf6 2.c4 e6 3.Nf3 b6 4.a3 Bb7 5.Nc3 d5 6.Bg5 Be7 7.e3 O-O 8.cxd5 exd5
9.Bd3 Nbd7 10.O-O h6 11.Bf4 Ne4 12.Rc1 c5 13.dxc5 Ndxc5 14.Bb1 Bf6 15.Nd4 Rc8
16.Qg4 Bxd4 17.exd4 Ne6 18.Be5 Qg5 19.Qh3 Nf4 20.Bxf4 Qxf4 21.Qd3 g6 22.Ne2 Qd2
23.Rxc8 Rxc8 24.f3 Qxd3 25.Bxd3 Nd2 26.Rd1 Nc4 27.Bxc4 Rxc4 28.Nc3 a6 29.Rd2 b5
30.Kf2 Kf8 31.Ke3 Ke7 32.Kd3 b4 33.axb4 Rxb4 34.Na2 Rb5 35.Nc1 Bc6 36.Kc3 Rb8
37.Re2+ Kd6 38.Nb3 Bb5 39.Re1 h5 40.h4 Rg8 41.f4 Bd7 42.Nc5 Bc8 43.Re3 f6
44.Rg3 Bf5 45.Kd2 Be4 46.Ra3 g5 47.Rxa6+ Ke7 48.fxg5 fxg5 49.g3 gxh4 50.gxh4 Rg4
51.b4 Rxh4 52.b5 Rh2+ 53.Kc3 Rc2+ 54.Kb3 Rc1 55.b6 Rb1+ 56.Ka2 Rb4 57.b7 Kf7
58.Ra8 Rxb7 59.Nxb7 Kg7  1-0

[Event "Karl Wagner mem 5th"]
[Site "Graz"]
[Date "1998.09.08"]
[Round "4.8"]
[White "Lerner, Konstantin Z"]
[Black "Singer, Richard"]
[Result "1-0"]
[WhiteElo "2580"]
[BlackElo "2275"]

1.d4 Nf6 2.c4 e6 3.Nf3 b6 4.a3 Bb7 5.Nc3 d5 6.cxd5 exd5 7.g3 Bd6 8.Nh4 O-O
9.Nf5 Ne4 10.f3 Nxc3 11.bxc3 Re8 12.Bg2 Ba6 13.e4 c5 14.Kf2 cxd4 15.cxd4 Nc6
16.Re1 Bf8 17.e5 Na5 18.f4 Rc8 19.Kg1 Bc4 20.Rb1 Rc6 21.Bd2 Bd3 22.Ne3 Bxb1
23.Qxb1 Nc4 24.Bxd5 Rc7 25.Qa2 Nxd2 26.Qxd2 Bxa3 27.Kg2 a5 28.Qa2 Bb4 29.Rd1 Qc8
30.Be4 Rc1 31.Rd3 Rc3 32.Qb1 h6 33.d5 Qc5 34.Rxc3 Qxc3 35.Nf5 Qd2+ 36.Kh3 Qe2
37.d6 Bc5 38.Bd5 Qh5+ 39.Nh4 Kf8 40.Bf3  1-0

[Event "Politiken zt"]
[Site "Munkebo"]
[Date "1998.09.10"]
[Round "1.1"]
[White "Akesson, Ralf"]
[Black "Sammalvuo, Tapani"]
[Result "1-0"]
[WhiteElo "2510"]
[BlackElo "2410"]

1.d4 Nf6 2.c4 e6 3.Nf3 b6 4.a3 Ba6 5.Qc2 Bb7 6.Nc3 c5 7.e4 cxd4 8.Nxd4 Nc6
9.Nxc6 Bxc6 10.Be2 Qb8 11.f4 e5 12.Rf1 Bc5 13.fxe5 Qxe5 14.Bf4 Qe7 15.O-O-O O-O
16.b4 Nxe4 17.Nxe4 Bxe4 18.Bd3 Bxd3 19.Qxd3 d5 20.bxc5 Qxc5 21.Be3 Qc7 22.Qxd5 Rad8
23.Bf4 Rxd5 24.Bxc7 Rc5 25.Rd7 Rxc4+ 26.Kb2 f6 27.Re1 Rg4 28.g3 b5 29.h3 Rg6
30.Bf4 Ra8 31.Ree7 a6 32.Kb3 h5 33.h4 Rg4 34.Rd5 Kf8 35.Rc7 Kg8 36.Rxh5 Rd8
37.Ra7 Rd3+ 38.Kb2 Rf3 39.Rxa6 Rf2+ 40.Kc3 Rf3+ 41.Kd2 g5 42.hxg5 fxg5 43.Be5 Rf5
44.Rh8+ Kf7 45.Rh7+  1-0

[Event "Karl Wagner mem 5th"]
[Site "Graz"]
[Date "1998.09.12"]
[Round "8.9"]
[White "Soln, Primoz"]
[Black "Baumegger, Siegfried"]
[Result "0-1"]
[WhiteElo "2470"]
[BlackElo "2360"]

1.d4 Nf6 2.c4 e6 3.Nf3 b6 4.a3 d5 5.Nc3 Be7 6.Bg5 O-O 7.cxd5 Nxd5 8.Bxe7 Qxe7
9.e4 Nxc3 10.bxc3 Bb7 11.Bd3 c5 12.O-O cxd4 13.cxd4 Nc6 14.Qa4 Rfd8 15.Rac1 Nxd4
16.Nxd4 Qd7 17.Qxd7 Rxd7 18.Nxe6 Rxd3 19.Nc7 Rad8 20.e5 a6 21.a4 Rc8 22.e6 fxe6
23.Nxe6 Rd6 24.Rxc8+ Bxc8 25.Ng5 Bd7 26.Ne4 Rd4 27.Nc3 Bxa4 28.Ra1 b5 29.f3 Rc4
30.Nd5 Kf7 31.Kf2 Rc2+ 32.Kg3 Rc6 33.Nb4 Rd6 34.Na2 Rd1 35.Nc1 Ke6 36.Kf2 Rd2+
37.Ke3 Rxg2 38.Nd3 Rxh2 39.Nc5+ Kd5 40.Nxa4 bxa4 41.Rxa4 Rh6 42.Rd4+ Kc6
43.Rd8 Rd6 44.Rh8 h6 45.Ke4 a5 46.Ke5 Rd7 47.Ke6 Ra7  0-1

[Event "Politiken zt"]
[Site "Munkebo"]
[Date "1998.09.13"]
[Round "2.1"]
[White "Olafsson, Helgi"]
[Black "Stefansson, Hannes"]
[Result "1/2-1/2"]
[WhiteElo "2505"]
[BlackElo "2535"]

1.d4 Nf6 2.c4 e6 3.Nf3 b6 4.a3 Bb7 5.Nc3 d5 6.Qc2 Be7 7.cxd5 Nxd5 8.Bd2 O-O
9.e4 Nxc3 10.Bxc3 Nd7 11.Rd1 Qc8 12.Bd3 Rd8 13.O-O c5 14.d5 c4 15.Be2 exd5
16.exd5 Bf6 17.Rfe1 Bxc3 18.Qxc3 Nf6 19.d6 Bd5 20.Ne5 Rxd6 21.Bxc4 Qc5 22.Bxd5 Rxd5
23.Qxc5 Rxc5 24.Re2 Rac8 25.f4 Rc1 26.Rxc1 Rxc1+ 27.Kf2 h6 28.g3 g5 29.Ke3 Kg7
30.Kd2 Rf1 31.fxg5  1/2-1/2

[Event "CRO-chT"]
[Site "Porec"]
[Date "1998.09.14"]
[Round "8"]
[White "Cebalo, Miso"]
[Black "Dizdarevic, Emir"]
[Result "1/2-1/2"]
[WhiteElo "2535"]
[BlackElo "2530"]

1.d4 Nf6 2.Nf3 e6 3.c4 b6 4.a3 Bb7 5.Nc3 Ne4 6.Nxe4 Bxe4 7.Nd2 Bb7 8.e4 d6
9.Bd3 e5 10.d5 a5 11.b3 Be7 12.Rb1 O-O 13.O-O Bg5 14.b4 axb4 15.axb4 Nd7
16.Nb3 Bxc1 17.Qxc1 c5 18.dxc6 Bxc6 19.Qd2 Nf6 20.f3 Qc7 21.Ra1 Bd7 22.Qb2 Be6  1/2-1/2

[Event "Elista ol (Men)"]
[Site "Elista"]
[Date "1998.09.30"]
[Round "2"]
[White "Arduman, Can"]
[Black "Zagrebelny, Sergey"]
[Result "0-1"]
[WhiteElo "2400"]
[BlackElo "2480"]

1.d4 Nf6 2.c4 e6 3.Nf3 b6 4.a3 d5 5.cxd5 exd5 6.Nc3 Be7 7.Qa4+ c6 8.Bf4 O-O
9.e3 Bf5 10.Be2 a5 11.O-O b5 12.Qd1 Nbd7 13.a4 b4 14.Nb1 Ne4 15.Nbd2 g5 16.Bg3 h5
17.h3 Nxg3 18.fxg3 Bg6 19.Nh2 Nf6 20.g4 h4 21.Nhf3 Bd6 22.Nxg5 Qe7 23.Kh1 Nxg4
24.Bxg4 Qxg5 25.Nf3 Qxe3 26.Qc1 Qxc1 27.Rfxc1 f5 28.Rxc6 Rf6 29.Nxh4 fxg4
30.hxg4 Raf8 31.Nf3 Be8 32.Ra6 Rh6+  0-1

[Event "Elista ol (Men)"]
[Site "Elista"]
[Date "1998.10.03"]
[Round "5"]
[White "Pelletier, Yannick"]
[Black "Torre, Eugenio"]
[Result "1/2-1/2"]
[WhiteElo "2525"]
[BlackElo "2545"]

1.d4 Nf6 2.c4 e6 3.Nf3 b6 4.a3 Ba6 5.Qc2 Bb7 6.Nc3 c5 7.dxc5 Bxc5 8.Bg5 Be7
9.e3 d6 10.Be2 a6 11.O-O O-O 12.Rfd1 Nbd7 13.Rd2 Qc7 14.Qd1 Rfd8 15.Rc1 Rac8
16.b4 Nf8 17.Bd3 Ng6 18.Rdc2 Qd7 19.Qe2 Rc7 20.e4 Rb8 21.Rd1 Ng4 22.Bxe7 Qxe7
23.h3 N4e5 24.Nxe5 Nxe5 25.f4 Nxd3 26.Qxd3 Rbc8 27.Qxd6 Qxd6 28.Rxd6 Rxc4
29.Rcd2 h5 30.Rxb6 Rxc3 31.Rxb7 Rxa3 32.Rdd7 Rc2 33.Rxf7 Rg3 34.f5 Rgxg2+
35.Kf1 Rcf2+ 36.Ke1 Re2+ 37.Kf1 Ref2+ 38.Ke1 Rb2 39.Kf1 exf5 40.exf5 Rbf2+
41.Ke1 Rf3 42.f6 Rxf6 43.Rxf6 gxf6 44.b5 axb5 45.Rxb5 Rg5 46.Rb8+ Kg7 47.Kf2 Ra5
48.Kg3 Ra4 49.Rb5 Kg6 50.Rc5 h4+ 51.Kf3 f5 52.Rc8 Ra3+ 53.Kf4 Rxh3 54.Rc6+ Kh5
55.Rf6 Ra3 56.Rxf5+  1/2-1/2

[Event "Elista ol (Men)"]
[Site "Elista"]
[Date "1998.10.05"]
[Round "7"]
[White "Simonet, Marc"]
[Black "Abdul Wahab, A Rasheed"]
[Result "0-1"]
[WhiteElo "2270"]
[BlackElo "2325"]

1.d4 Nf6 2.c4 e6 3.Nf3 b6 4.a3 Bb7 5.Nc3 Be7 6.d5 exd5 7.cxd5 O-O 8.e4 Re8
9.Bd3 c6 10.O-O h6 11.Bc2 d6 12.h3 cxd5 13.exd5 Nbd7 14.Bf4 Rc8 15.Rc1 Rc5
16.Be3 Ra5 17.Nd4 Nxd5 18.Nxd5 Rxd5 19.Qd3 g6 20.Bb3 Nc5 21.Qc2 Nxb3 22.Qxb3 Bg5
23.Nc6 Bxc6 24.Rxc6 Rde5 25.Bd4 Qd7 26.Qc3 Rc5 27.Rxc5 bxc5 28.Bh8 f5 29.Rd1 Qe7
30.g3 Kh7 31.f4 Rxh8 32.fxg5 hxg5 33.Re1 Qf7 34.Qd2 Qf6 35.Qd5 Rb8 36.b3 Kh6
37.Kf2 f4 38.g4 Qb2+  0-1

[Event "Elista ol (Men)"]
[Site "Elista"]
[Date "1998.10.05"]
[Round "7"]
[White "Valenzuela, Luis"]
[Black "Nilssen, John Arni"]
[Result "1-0"]
[WhiteElo "2405"]
[BlackElo "2305"]

1.d4 Nf6 2.c4 e6 3.Nf3 b6 4.a3 Ba6 5.Qc2 c5 6.d5 exd5 7.cxd5 g6 8.Nc3 Bg7
9.g3 O-O 10.Bg2 d6 11.O-O b5 12.Re1 Nbd7 13.h3 Re8 14.e4 Rc8 15.Bf4 Nb6 16.Bf1 Nc4
17.Nxb5 Bxb5 18.Bxc4 Bxc4 19.Qxc4 Nh5 20.Bc1 Rb8 21.Rb1 Qd7 22.Kg2 f5 23.Ng5 Nf6
24.f3 fxe4 25.fxe4 Qb7 26.Bf4 Qd7 27.Ne6 Nh5 28.b3 Bf6 29.e5 dxe5 30.Bxe5 Bxe5
31.Rxe5 Qd6 32.Rbe1 Nf6 33.Qxc5 Qxc5 34.Nxc5 Rxe5 35.Rxe5 Rd8 36.Ne6 Rd6
37.Nf4 Kf7 38.Kf3 Ra6 39.a4 Rb6 40.Re3 g5 41.Nd3 Nxd5 42.Re5 Nc7 43.b4 Ne6
44.Ke3 Rd6 45.Ra5 a6 46.b5 axb5 47.Rxb5 Nd4 48.Rb7+ Ke6 49.Nb4 Nf5+ 50.Kf3 h5
51.a5 Rd4 52.a6 g4+ 53.hxg4 hxg4+ 54.Kf2 Rd2+ 55.Ke1 Rg2 56.a7 Rg1+ 57.Kf2 Ra1
58.Rb6+  1-0

[Event "Elista ol (Men)"]
[Site "Elista"]
[Date "1998.10.05"]
[Round "7"]
[White "Lputian, Smbat G"]
[Black "Dautov, Rustem"]
[Result "1-0"]
[WhiteElo "2615"]
[BlackElo "2625"]

1.d4 Nf6 2.c4 e6 3.Nf3 b6 4.a3 Bb7 5.Nc3 d5 6.cxd5 Nxd5 7.Bd2 Be7 8.Qc2 O-O
9.e4 Nxc3 10.Bxc3 c5 11.dxc5 bxc5 12.Rd1 Qb6 13.Ne5 Qc7 14.Nc4 Nc6 15.Bd3 Nd4
16.Qb1 Rab8 17.O-O Ba8 18.Rde1 Qc6 19.Re3 f5 20.Ne5 Qd6 21.exf5 Nxf5 22.Rd1 Rbd8
23.Ree1 Qb6 24.Nd7 Rxd7 25.Bxf5 Rxf5 26.Rxd7 Qc6 27.Qe4 Qxe4 28.Rxe4 Bxe4
29.Rxe7 Rg5 30.g3 Bf3 31.h4 Rg6 32.Rxa7 c4 33.Rc7 Rg4 34.a4 h6 35.a5 g5 36.h5 Re4
37.a6  1-0

[Event "Elista ol (Men)"]
[Site "Elista"]
[Date "1998.10.06"]
[Round "8"]
[White "Pazos, Plinio"]
[Black "Poddubny, Viktor"]
[Result "1/2-1/2"]
[WhiteElo "2305"]
[BlackElo "2290"]

1.d4 Nf6 2.c4 e6 3.Nf3 b6 4.a3 Bb7 5.Nc3 d5 6.cxd5 Nxd5 7.e3 Be7 8.Bb5+ c6
9.Bd3 O-O 10.e4 Nxc3 11.bxc3 c5 12.O-O Nc6 13.d5 exd5 14.exd5 Na5 15.c4 b5
16.Qc2 Nxc4 17.Rb1 Bxd5 18.Rxb5 Nb6 19.Bxh7+ Kh8 20.Be4 Rc8 21.Bxd5 Qxd5
22.Re1 Bf6 23.a4 Kg8 24.h4 Qc4 25.Qxc4 Nxc4 26.Bg5 Bxg5 27.Nxg5 Nd6 28.Ra5 Rc7
29.Rd1 Nc4 30.Rb5 Rfc8 31.Ne4 f5 32.Ng5 Nb6 33.a5 Nc4 34.a6 Nb6 35.Rb2 c4
36.Rbd2 Re8 37.Re2 Rcc8 38.Rc2 g6 39.Rd6 Kg7 40.Ne6+ Kf7 41.Nf4 Rg8 42.Ne2 Rgd8
43.Rd4 Rxd4 44.Nxd4 Rc5 45.f4 Nd5 46.Nb3 Rb5 47.Nd4 Rb1+ 48.Kf2 c3 49.g3 Rb6
50.h5 gxh5 51.Kf3 Kg6 52.Re2 Rxa6 53.Re5 Ra3 54.Ke2 Ra2+ 55.Kd3 Rd2+ 56.Kc4 c2
57.Nxc2 Rxc2+ 58.Kxd5 Rc3 59.Re6+ Kf7 60.Rh6 Rxg3 61.Ke5 Ra3 62.Kxf5  1/2-1/2

[Event "Elista ol (Men)"]
[Site "Elista"]
[Date "1998.10.07"]
[Round "9"]
[White "Vescovi, Giovanni"]
[Black "Kengis, Edvins"]
[Result "1/2-1/2"]
[WhiteElo "2525"]
[BlackElo "2570"]

1.d4 Nf6 2.c4 e6 3.Nf3 b6 4.a3 Ba6 5.Qc2 Bb7 6.Nc3 c5 7.e4 cxd4 8.Nxd4 Nc6
9.Nxc6 Bxc6 10.Be2 Qb8 11.f4 Bc5 12.e5 Bxg2 13.exf6 Bxh1 14.fxg7 Rg8 15.Qxh7 Ke7
16.Bd2 Bc6 17.O-O-O a5 18.Qh4+ f6 19.Qh6 Bd4 20.f5 Qe5 21.Bd3 Qc5 22.fxe6 dxe6
23.Ne2 Be5 24.Be3 Qd6 25.Nf4 Bxf4 26.Bxf4 e5 27.Be3 Bf3 28.Rd2 Qe6 29.c5 Rad8
30.cxb6 Rc8+ 31.Kb1 Qb3 32.Bf5 Bd5 33.Rxd5 Qxd5 34.Bxc8 Rxc8 35.Qh7 Qd1+
36.Ka2 Qd5+ 37.Kb1  1/2-1/2

[Event "Elista ol (Men)"]
[Site "Elista"]
[Date "1998.10.09"]
[Round "10"]
[White "Kasimdzhanov, Rustam"]
[Black "Akesson, Ralf"]
[Result "1/2-1/2"]
[WhiteElo "2570"]
[BlackElo "2510"]

1.d4 Nf6 2.c4 e6 3.Nf3 b6 4.a3 Bb7 5.Nc3 d5 6.Bg5 Be7 7.Qa4+ c6 8.Bxf6 Bxf6
9.cxd5 exd5 10.g3 O-O 11.Bg2 Qe7 12.O-O c5 13.Rad1 Rd8 14.Rfe1 Nd7 15.Qb3 cxd4
16.Nxd4 Nc5 17.Qc2  1/2-1/2

[Event "Elista ol (Men)"]
[Site "Elista"]
[Date "1998.10.11"]
[Round "12"]
[White "Gulko, Boris F"]
[Black "Nisipeanu, Liviu Dieter"]
[Result "1-0"]
[WhiteElo "2585"]
[BlackElo "2575"]

1.d4 Nf6 2.Nf3 e6 3.c4 b6 4.a3 c5 5.d5 Ba6 6.Nc3 Bxc4 7.e4 Bxf1 8.Rxf1 b5
9.Nxb5 Qa5+ 10.Nc3 Nxe4 11.Bd2 Nxd2 12.Nxd2 Be7 13.Qf3 O-O 14.d6 Bg5 15.Qxa8 Nc6
16.Qb7 Bxd2+ 17.Kxd2 Rb8 18.Qxd7 Qb6 19.Na4 Qa5+ 20.b4 Qxa4 21.Rfc1 g6 22.Rxc5 Qb3
23.Rxc6 Qb2+ 24.Kd3  1-0